00886nam a2200241 i 450000100060000000300090000600500170001500700030003200800410003502000180007608000220009424501190011626000430023530000220027849000230030063000420032365000390036570000370040483000310044185200330047299900170050595201220052273412ES-MaACL20230906171810.0t|041008s2000 sp ||||1| spa d a84-8442-111-2 a341.176(4-672 UE)03aLa reforma institucional de la Unión Europea y el Tratado de Amsterdam / cRoberto Viciano Pastor (coordinador). aValencia : bTirant lo Blanch, c2000. a254 p. ; c20 cm.1 aPolo europeo ; v207aTratado de Amsterdam (d1997)912522014aInstituciones comunitarias.9138301 aViciano Pastor, Roberto.91143820 aPolo europeo ; v29231170 aES-MaACLjL-28198 bR.133893 c73412d73412 00104070aATENEOMbATENEOMcDEPO2d2008-01-17eSCl0oL-28198p1076843r2023-02-23 00:00:00w2023-02-23yMONOGRAFIA